| 000 | 00439nam a22001697a 4500 | ||
|---|---|---|---|
| 003 | NUST - PNEC | ||
| 005 | 20170116180912.0 | ||
| 008 | 150903b xxu||||| |||| 00| 0 eng d | ||
| 020 | _a- | ||
| 040 | _cLIBRARY | ||
| 082 | _a620.112 KHU | ||
| 100 |
_97111 _aKhurmi, R. S. |
||
| 245 |
_aEngineering mechanics and strength of materials _cR. S. Khurmi |
||
| 260 | _cc.1977 | ||
| 650 |
_97116 _aMechanical engineering _xME |
||
| 942 |
_2ddc _cBK |
||
| 999 |
_c65300 _d65300 |
||